000 00720nam a22001937a 4500
001 6643
003 FISKH
005 20250530105221.0
008 250516b cb ||||| |||| 00| 0 eng d
040 _aFISKH
_bkhr
_cFISKH
_dFISKH
082 _a398.209596
100 _aAnonymous
245 _aប្រជុំរឿងព្រេងខ្មែរ :
_bភាគ៩ /
_cក្រុមជំនុំទំនៀមទម្លាប់ខ្មែរ
260 _aភ្នំពេញ :
_bពុទ្ធសាសនបណ្ឌិត្យ​ ,
_c2001 .
300 _a129 pages :
_billustrations ;
_c20 cm .
650 _a រឿងព្រេងខ្មែរ
650 _aKhmer Folklore
942 _2ddc
_cKHB
_n0
999 _c6643
_d6643